000 01228nam0a22003371 4500
001 v19\rc\1729054
005 20250619054457.0
035 _a(NLR Aleph) 004844559
090 _a4857684
_c4857684
100 _a20061002d1901 |||y0rusy50 ca
101 1 _arus
_cund
102 _aRU
105 _ay z |||||
200 1 _aГрипп. (Инфлуенца)
_eВ общедоступ. излож.
_fПроф. Моссэ
210 _aСанкт-Петербург
_cтип. журн. "Нар. здравие"
_d1901
215 _a32 с.
_d18
225 1 _aБиблиотека "Народного здравия"
_v[1901]. № 29
311 _aБеспл. прил. к журн. "Нар. здравие"
316 _aЭкз. РНБ (2/66): 2-й экз. деф.: отсутствует обл.
_5NLR: 2/66
422 0 _12001#$aНародное здравие
_tНародное здравие
700 1 _aМоссе
_bМ.
_f1873-
_gМакс
790 1 _aМоссэ
_f1873-
801 0 _aRU
_bNLR
_gpsbo
801 0 _aRU
_bRuMoRGB
_2psbo
801 1 _aRU
_bProSoft-M
_2rusmarc
852 _aNLR
_j2/66
899 _aRuMoRGB
_jT 100/62
899 _aRuMoRGB
_jE 4/218 (1901, № 29)
899 _aБАН
942 _cBOOK
980 _aNB